000 00736nam a2200253 a 4500
008
020 _a0412448106 (pbk.)
049 _aMAIN
090 _aQA76.73.A35
_bCOO
100 1 _aCooling, J.E.
245 1 0 _aIntroduction to Ada /
_cJ.E. Cooling, N. Cooling, and J. Cooling.
260 _aLondon :
_bChapman & Hall,
_c1993.
300 _axii, 605 p. :
_bill. ;
_c24 cm.
500 _aIncludes index.
650 0 _aAda (Computer program language)
650 0 _aReal-time data processing.
700 1 _aCooling, N.
700 1 _aCooling, J.
907 _a.b10045119
_b18-02-13
_c17-04-03
003
005 20230123133215.0
040 _cNUST
942 _cBOOKS
_kQA76.73.A35
_mCOO
999 _c144590
_d144590